000 00368pab a2200145 454500
008 180718b2005 xxu||||| |||| 00| 0 eng d
100 _aMukherjee, Dhurjati
245 _aGuaranteed rural employment towards socio-economic transformation
260 _c2005
300 _ap.36-38.
362 _aMar
650 _aEmployment
773 _aKurukshetra
909 _a64573
999 _c64573
_d64573